| Поле | Название | Значение |
| |
Тип записи |
c |
| |
Библиографический уровень |
m |
| 001 |
Контрольный номер |
RU/УОНБ/EK_N/322864245 |
| 005 |
Дата корректировки |
20260513152022.8 |
| 010 |
Индекс ISBN |
__ |
| 9 |
Тираж |
10000 экз. |
| 013 |
Номер (ISMN) |
__ |
| a |
Номер (ISMN) |
5-222-02393-1 |
| d |
Цена |
20 р. |
| 100 |
Данные общей обработки |
__ |
| a |
Данные общей обработки |
20180517d2002 u y0rusy0189 ca |
| 101 |
Язык документа |
2_ |
| a |
Язык текста |
rus |
| c |
Язык оригинала |
eng |
| f |
Язык титульного листа |
rus |
| f |
Язык титульного листа |
eng |
| 102 |
Страна публикации |
__ |
| a |
Страна публикации |
RU |
| 125 |
Кодированные данные звукозаписи и нотных изданий |
__ |
| a |
Форма изложения нотного текста |
m| |
| 128 |
Кодированные данные (звукозаписи-физические характеристики) |
__ |
| a |
Кодированные данные: Музыкальная форма и тональность или лад |
ccn |
| c |
Инструменты или голоса, рекомендуемые для солистов (устаревшее) |
vu|| |
| 200 |
Заглавие и сведения об ответственности |
1_ |
| a |
Заглавие |
Лучшие зарубежные песни 60-70 годов (Золотая коллекция рок-н-ролла и диско) |
| d |
Параллельное заглавие |
The Greatest Hits of 60-70-s |
| e |
Сведения, относящиеся к заглавию |
для голоса в сопровожд. фп., фп.-соло |
| e |
Сведения, относящиеся к заглавию |
с букв.-цифровыми обознач. аккордов гитары |
| z |
Язык параллельного заглавия |
eng |
| 210 |
Выходные данные |
1_ |
| a |
Место издания |
Ростов-на-Дону |
| c |
Издательство |
Феникс |
| d |
Дата издания |
2002 |
| 215 |
Физическое описание |
__ |
| a |
Объем |
80 с. |
| d |
Формат |
29 см |
| 225 |
Серия |
1_ |
| a |
Серия |
Песни |
| 327 |
Примечание о содержании |
11 |
| a |
Примечание о содержании |
Содерж.: Берри Ч. Johnny B. Goode ; You Never Can Tell. - Хэйли Б. Rock Around The Clock. - Льюис Дж. Л. Great Balls Of Fire. - Кокрэн Э. C'mon Everybody. - Сорфарис. Wipe Out. - Даймонд Н. Girl, You'll Be A Woman Soon. - Битлз. A Hard Day's Night ; Yesterday. - Пресли Э. Jailhouse Rock. - Иглз. Hotel California. - АББА. Thank You For the Music ; I Do, I Do. - Пипл В. Y.M.C.A. - Бони М. Hoorey, Hoorey, It's a Holy-Holiday ; Rivers of Babylon. - Гэйнор Г. I Will Survive. - Гелз У. It's Raining Men |
| 464 |
Аналитический уровень |
_0 |
| 1 |
|
2001 |
| a |
|
Johnny B. Goode |
| e |
|
Deep down in Lou'siana... |
| 1 |
|
702 1 |
| a |
|
Берри |
| b |
|
Ч. |
| 464 |
Аналитический уровень |
_0 |
| 1 |
|
2001 |
| a |
|
You Never Can Tell |
| e |
|
It was a teenage wedding and the old folks wished 'em well... |
| 1 |
|
702 1 |
| a |
|
Берри |
| b |
|
Ч. |
| 464 |
Аналитический уровень |
_0 |
| 1 |
|
2001 |
| a |
|
Rock Around The Clock |
| e |
|
One, two, three o'clock rock... |
| 1 |
|
700 1 |
| a |
|
Фридман |
| b |
|
М. С. |
| 1 |
|
702 1 |
| a |
|
Хэйли |
| b |
|
Б. |
| 4 |
|
590 |
| 464 |
Аналитический уровень |
_0 |
| 1 |
|
2001 |
| a |
|
Great Balls Of Fire |
| e |
|
You shake my nerves and you rattle my brain... |
| 1 |
|
700 1 |
| a |
|
Блэквелл |
| b |
|
О. |
| 1 |
|
700 1 |
| a |
|
Хаммер |
| b |
|
Дж. |
| 1 |
|
702 1 |
| a |
|
Льюис |
| b |
|
Дж. Л. |
| 4 |
|
590 |
| 464 |
Аналитический уровень |
_0 |
| 1 |
|
2001 |
| a |
|
C'mon Everybody |
| e |
|
Well c'mon everybody and let's get together tonight... |
| 1 |
|
700 1 |
| a |
|
Кокрэн |
| b |
|
Э. |
| 1 |
|
700 1 |
| a |
|
Кейпхарт |
| b |
|
Дж. |
| 464 |
Аналитический уровень |
_0 |
| 1 |
|
2001 |
| a |
|
Wipe Out |
| 1 |
|
700 1 |
| a |
|
Сорфарис |
| 464 |
Аналитический уровень |
_0 |
| 1 |
|
2001 |
| a |
|
Girl, You'll Be A Woman Soon |
| e |
|
Girl, you'll be a woman soon... |
| 1 |
|
700 1 |
| a |
|
Даймонд |
| b |
|
Н. |
| 464 |
Аналитический уровень |
_0 |
| 1 |
|
2001 |
| a |
|
A Hard Day's Night |
| e |
|
It's been a hard day's night... |
| 1 |
|
700 1 |
| a |
|
Леннон |
| b |
|
Дж. |
| 1 |
|
700 1 |
| a |
|
Маккартни |
| b |
|
П. |
| 1 |
|
702 1 |
| a |
|
Битлз |
| 4 |
|
590 |
| 464 |
Аналитический уровень |
_0 |
| 1 |
|
2001 |
| a |
|
Yesterday |
| e |
|
Yesterday, all my troudles seemed so far away... |
| 1 |
|
700 1 |
| a |
|
Леннон |
| b |
|
Дж. |
| 1 |
|
700 1 |
| a |
|
Маккартни |
| b |
|
П. |
| 1 |
|
702 1 |
| a |
|
Битлз |
| 4 |
|
590 |
| 464 |
Аналитический уровень |
_0 |
| 1 |
|
2001 |
| a |
|
Jailhouse Rock |
| e |
|
The warden threw a party in the county jail... |
| 1 |
|
700 1 |
| a |
|
Либер |
| b |
|
Дж/ |
| 1 |
|
700 1 |
| a |
|
Столлер |
| b |
|
М. |
| 1 |
|
702 1 |
| a |
|
Пресли |
| b |
|
Э. |
| 4 |
|
590 |
| 464 |
Аналитический уровень |
_0 |
| 1 |
|
2001 |
| a |
|
Hotel California |
| e |
|
On a dark desert highway... |
| 1 |
|
700 1 |
| a |
|
Хенли |
| b |
|
Д. |
| 1 |
|
700 1 |
| a |
|
Фелдер |
| b |
|
Д. |
| 1 |
|
700 1 |
| a |
|
Фрей |
| b |
|
Г. |
| 1 |
|
702 1 |
| a |
|
Иглз |
| 4 |
|
590 |
| 464 |
Аналитический уровень |
_0 |
| 1 |
|
2001 |
| a |
|
Thank You For the Music |
| e |
|
I'm nothing special, in fact I'm a bit of a bore... |
| 1 |
|
702 1 |
| a |
|
АББА |
| 4 |
|
590 |
| 464 |
Аналитический уровень |
_0 |
| 1 |
|
2001 |
| a |
|
I Do, I Do |
| e |
|
Love me or leave me... |
| 1 |
|
702 1 |
| a |
|
АББА |
| 4 |
|
590 |
| 464 |
Аналитический уровень |
_0 |
| 1 |
|
2001 |
| a |
|
Y.M.C.A. |
| e |
|
Young man, there's no need to feel down... |
| 1 |
|
700 1 |
| a |
|
Морали |
| b |
|
Ж. |
| 1 |
|
700 1 |
| a |
|
Белодо |
| b |
|
Г. |
| 1 |
|
700 1 |
| a |
|
Уиллис |
| b |
|
В. |
| 1 |
|
702 1 |
| a |
|
Вилледж Пипл |
| 4 |
|
590 |
| 464 |
Аналитический уровень |
_0 |
| 1 |
|
2001 |
| a |
|
Hoorey, Hoorey, It's a Holy-Holiday |
| e |
|
Hooray, hooray, it's a holi-holiday... |
| 1 |
|
702 1 |
| a |
|
Бони М |
| 4 |
|
590 |
| 464 |
Аналитический уровень |
_0 |
| 1 |
|
2001 |
| a |
|
Rivers of Babylon |
| e |
|
By the rivers of babylon, there we sat down... |
| 1 |
|
702 1 |
| a |
|
Бони М |
| 4 |
|
590 |
| 464 |
Аналитический уровень |
_0 |
| 1 |
|
2001 |
| a |
|
I Will Survive |
| e |
|
At first I was afraid, I was petrified... |
| 1 |
|
700 1 |
| a |
|
Перрен |
| b |
|
Ф. |
| 1 |
|
700 1 |
| a |
|
Фекарис |
| b |
|
Д. |
| 1 |
|
702 1 |
| a |
|
Гэйнор |
| b |
|
Г. |
| 4 |
|
590 |
| 464 |
Аналитический уровень |
_0 |
| 1 |
|
2001 |
| a |
|
It's Raining Men |
| e |
|
Humidity is rising, barometer's getting low... |
| 1 |
|
700 1 |
| a |
|
Шаффер |
| b |
|
П. |
| 1 |
|
700 1 |
| a |
|
Джабарра |
| b |
|
П. |
| 1 |
|
702 1 |
| a |
|
Гелз |
| b |
|
У. |
| 4 |
|
590 |
| 500 |
Унифицированное заглавие |
10 |
| a |
Унифицированное заглавие |
Песни |
| 517 |
Другие варианты заглавия |
1_ |
| a |
Другие варианты заглавия |
Золотая коллекция рок-н-ролла и диско |
| 606 |
Тематические рубрики |
0_ |
| a |
Основная рубрика |
Песни зарубежных композиторов |
| x |
Основная подрубрика |
Рок-н-ролл |
| x |
Основная подрубрика |
Диско |
| 606 |
Тематические рубрики |
0_ |
| a |
Основная рубрика |
Фортепианная музыка зарубежная |
| x |
Основная подрубрика |
Рок-н-ролл. Диско |
| 610 |
Ключевые слова |
0_ |
| a |
Ключевые слова |
рок-н-ролл |
| 610 |
Ключевые слова |
0_ |
| a |
Ключевые слова |
диско |
| 610 |
Ключевые слова |
0_ |
| a |
Ключевые слова |
фортепианная музыка зарубежная |
| 610 |
Ключевые слова |
0_ |
| a |
Ключевые слова |
песни зарубежных композиторов |
| 610 |
Ключевые слова |
0_ |
| a |
Ключевые слова |
хиты |
| 686 |
Индексы других классификаций |
__ |
| a |
Классификационный индекс |
85.943.4-085(3)я43 |
| a |
Классификационный индекс |
85.954.2(3) |
| 2 |
Код системы |
rubbk |
| 801 |
Источник записи |
_0 |
| a |
Страна |
RU |
| b |
Организация |
Ульяновская ОНБ |
| c |
Дата составления |
20180517 |
| g |
Правила каталогизации |
PSBO |
| 801 |
Источник записи |
_1 |
| a |
Страна |
RU |
| b |
Организация |
Ульяновская ОНБ |
| c |
Дата составления |
20180517 |
| 901 |
Тип документа |
__ |
| t |
Тип документа |
m |
| 909 |
Создатель записи |
__ |
| a |
Создатель записи |
Никитина Т. А. |
| 910 |
Корректоры записи |
__ |
| a |
Корректор записи |
Илямакова |
| 938 |
Служебная информация |
__ |
| a |
Имя БД |
noti |
| b |
Имя библиотеки |
УОНБ |
| c |
Имя АИБС |
МАРК-SQL |
| d |
Номер DOC_ID в БД |
5967 |